| 000 | 00494nam a2200181 a 4500 | ||
|---|---|---|---|
| 020 | _a2010165608 (pbk.) | ||
| 040 | _cTOL | ||
| 082 | _a445 HAC 1990 A022 Co. | ||
| 245 | 0 | 0 |
_aGrammaire : _b350 exercices : niveau moyen / |
| 250 | _a©d. 02 | ||
| 260 |
_aParis : _bHachette, _c1990, c1987 |
||
| 300 |
_a191 p. ; _c25 cm |
||
| 490 | 0 | _aExer©ʹons-nous | |
| 500 | _a"Cours de civilisation fran©ʹaise de la Sorbonne." | ||
| 650 | 0 | _aFrench language | |
| 700 | 1 | _aDelatour, Y | |
| 942 | _cEK | ||
| 999 |
_c12974 _d12974 |
||